| 000 | 01020cam a2200301 i 4500 | ||
|---|---|---|---|
| 001 | 35212 | ||
| 003 | Mx-PuUPA | ||
| 005 | 20260226113232.0 | ||
| 008 | 140415s2018 mx a gr 001 0 spa d | ||
| 020 | _a9786071731906 | ||
| 040 |
_aMx-PuUPA _bspa _cMx-PuUPA _dMx-PuUPA _erda |
||
| 041 | _aspa | ||
| 100 | 1 |
_aGarduño Espinosa, Armando, _917863 _eautor |
|
| 245 | 1 | 0 |
_aCuidados paliativos en pediatría / _cArmando Garduño Espinosa |
| 250 |
_aSegunda edición / _benero |
||
| 264 | 1 |
_aCiudad de México : _bEditorial Trillas, _c2018 |
|
| 300 |
_a192 páginas : _bilustraciones, tablas, gráficas (blanco y negro) ; _c23 cm |
||
| 336 |
_2rdacontent _atexto _btxt |
||
| 337 |
_2rdamedia _asin medio _bn |
||
| 338 |
_2rdacarrier _avolumen _bnc |
||
| 650 | 7 |
_2armarc _aNiños _xCuidados e higiene |
|
| 650 | 7 |
_2armarc _aPediatría |
|
| 650 | 7 |
_2armarc _aCuidado hospitalario |
|
| 650 | 7 |
_2armarc _aTerapia sugestiva |
|
| 942 |
_2ddc _cLI _h616.029 _iG22 |
||
| 999 |
_c35212 _d35212 |
||